<?xml version="1.0" encoding="UTF-8"?>
<record
    xmlns:xsi="http://www.w3.org/2001/XMLSchema-instance"
    xsi:schemaLocation="http://www.loc.gov/MARC21/slim http://www.loc.gov/standards/marcxml/schema/MARC21slim.xsd"
    xmlns="http://www.loc.gov/MARC21/slim">

  <leader>00977cam a22001454a 4500</leader>
  <datafield tag="020" ind1=" " ind2=" ">
    <subfield code="a">0821360590 (pbk.)</subfield>
  </datafield>
  <datafield tag="040" ind1=" " ind2=" ">
    <subfield code="c">DLC</subfield>
  </datafield>
  <datafield tag="082" ind1="0" ind2="0">
    <subfield code="a">352 WOR 2005 A021 Or.</subfield>
  </datafield>
  <datafield tag="245" ind1="0" ind2="0">
    <subfield code="a">East Asia decentralizes :</subfield>
    <subfield code="b">making local government work</subfield>
  </datafield>
  <datafield tag="260" ind1=" " ind2=" ">
    <subfield code="a">Washington, D.C. :</subfield>
    <subfield code="b">World Bank,</subfield>
    <subfield code="c">c2005</subfield>
  </datafield>
  <datafield tag="300" ind1=" " ind2=" ">
    <subfield code="a">ix, 267 p. :</subfield>
    <subfield code="b">ill. ;</subfield>
    <subfield code="c">28 cm</subfield>
  </datafield>
  <datafield tag="520" ind1="1" ind2=" ">
    <subfield code="a">"East Asia Decentralizes is the first attempt to look systematically at the decentralization phenomenon that is occurring throughout East Asia. It assesses what has happened thus far, distills key messages, highlights positive experiences, and identifies areas where priority action is needed." "Although intended primarily for central and local government policy makers, East Asia Decentralizes will also be a useful resource for academics, businesspeople, and development practitioners concerned with the unfolding process of intergovernmental reform in the region."--Jacket</subfield>
  </datafield>
  <datafield tag="650" ind1=" " ind2="0">
    <subfield code="a">Decentralization in government</subfield>
  </datafield>
  <datafield tag="942" ind1=" " ind2=" ">
    <subfield code="c">EK</subfield>
  </datafield>
  <datafield tag="999" ind1=" " ind2=" ">
    <subfield code="c">12574</subfield>
    <subfield code="d">12574</subfield>
  </datafield>
  <datafield tag="952" ind1=" " ind2=" ">
    <subfield code="0">0</subfield>
    <subfield code="1">0</subfield>
    <subfield code="4">0</subfield>
    <subfield code="6">352_000000000000000_WOR_2005_A021_OR</subfield>
    <subfield code="7">0</subfield>
    <subfield code="9">62506</subfield>
    <subfield code="a">LBA</subfield>
    <subfield code="b">LBA</subfield>
    <subfield code="c">A021</subfield>
    <subfield code="d">2017-08-15</subfield>
    <subfield code="o">352 WOR 2005 A021 Or.</subfield>
    <subfield code="p">A16930</subfield>
    <subfield code="r">2017-08-15</subfield>
    <subfield code="w">2017-08-15</subfield>
    <subfield code="y">EK</subfield>
  </datafield>
  <datafield tag="952" ind1=" " ind2=" ">
    <subfield code="0">0</subfield>
    <subfield code="1">0</subfield>
    <subfield code="4">0</subfield>
    <subfield code="6">352_000000000000000_WOR_2005_A021_OR</subfield>
    <subfield code="7">0</subfield>
    <subfield code="9">62507</subfield>
    <subfield code="a">LBA</subfield>
    <subfield code="b">LBA</subfield>
    <subfield code="c">A021</subfield>
    <subfield code="d">2017-08-15</subfield>
    <subfield code="o">352 WOR 2005 A021 Or.</subfield>
    <subfield code="p">A16550</subfield>
    <subfield code="r">2017-08-15</subfield>
    <subfield code="w">2017-08-15</subfield>
    <subfield code="y">EK</subfield>
  </datafield>
  <datafield tag="952" ind1=" " ind2=" ">
    <subfield code="0">0</subfield>
    <subfield code="1">0</subfield>
    <subfield code="4">0</subfield>
    <subfield code="6">352_000000000000000_WOR_2005_A021_OR</subfield>
    <subfield code="7">0</subfield>
    <subfield code="9">62508</subfield>
    <subfield code="a">LBA</subfield>
    <subfield code="b">LBA</subfield>
    <subfield code="c">A021</subfield>
    <subfield code="d">2017-08-15</subfield>
    <subfield code="o">352 WOR 2005 A021 Or.</subfield>
    <subfield code="p">A18148</subfield>
    <subfield code="r">2017-08-15</subfield>
    <subfield code="w">2017-08-15</subfield>
    <subfield code="y">EK</subfield>
  </datafield>
</record>
